[Event "Campeonato España Sub 10"]
[Site "Salobreña"]
[Date "2017.07.05"]
[Round "5"]
[White "Ortiz Padro, Pol"]
[Black "Santos Usua, Mikel"]
[Result "0-1"]
[Board "11"]
[WhiteClock "-:--:--"]
[WhiteElo "1382"]
[WhiteCountry "ESP"]
[WhiteFideId "24594040"]
[WhiteEloChange "-13"]
[BlackClock "-:--:--"]
[BlackElo "1256"]
[BlackCountry "ESP"]
[BlackFideId "24580910"]
[BlackEloChange "13"]

1. e4 {[%clk 1:30:30]} e5 {[%clk 1:30:30]} 2. Nf3 {[%clk 1:30:30]} Nc6 {[%clk
1:30:30]} 3. d4 {[%clk 1:30:30]} exd4 {[%clk 1:30:30]} 4. c3 {[%clk 1:30:30]} d3
{[%clk 1:30:30]} 5. Bxd3 {[%clk 1:30:30]} Bc5 {[%clk 1:30:30]} 6. b4 {[%clk
1:30:30]} Be7 {[%clk 1:30:30]} 7. b5 {[%clk 1:30:30]} Na5 {[%clk 1:29:49]} 8. c4
{[%clk 1:29:59]} b6 {[%clk 1:29:19]} 9. O-O {[%clk 1:29:29]} d6 {[%clk 1:28:49]}
10. Bd2 {[%clk 1:29:01]} Nb7 {[%clk 1:28:49]} 11. h3 {[%clk 1:28:29]} Nf6 {[%clk
1:28:49]} 12. Nd4 {[%clk 1:27:59]} Bd7 {[%clk 1:28:20]} 13. Nc3 {[%clk 1:25:28]}
O-O {[%clk 1:27:51]} 14. Nd5 {[%clk 1:17:57]} Nxd5 {[%clk 1:24:21]} 15. exd5
{[%clk 1:17:57]} Nc5 {[%clk 1:24:21]} 16. Bc2 {[%clk 1:17:28]} Bf6 {[%clk
1:22:50]} 17. Nc6 {[%clk 1:17:28]} Bxc6 {[%clk 1:22:50]} 18. dxc6 {[%clk
1:16:59]} Bxa1 {[%clk 1:22:50]} 19. Qxa1 {[%clk 1:16:59]} Re8 {[%clk 1:22:20]}
20. Qb1 {[%clk 1:15:28]} g6 {[%clk 1:21:50]} 21. Qa1 {[%clk 1:14:58]} f6 {[%clk
1:16:20]} 22. Bh6 {[%clk 1:10:29]} Qe7 {[%clk 1:13:50]} 23. Be3 {[%clk 1:06:59]}
Ne6 {[%clk 1:10:20]} 24. Re1 {[%clk 1:03:29]} Qg7 {[%clk 1:06:50]} 25. Bd2 {[%clk
1:00:59]} Rad8 {[%clk 1:05:19]} 26. Bc3 {[%clk 0:58:28]} Nc5 {[%clk 1:01:50]} 27.
Rxe8+ {[%clk 0:56:59]} Rxe8 {[%clk 1:00:19]} 28. Bxf6 {[%clk 0:52:29]} Qf7 {[%clk
0:57:49]} 29. Bc3 {[%clk 0:49:59]} Re2 {[%clk 0:55:19]} 30. Bd4 {[%clk 0:42:29]}
Rxc2 {[%clk 0:55:19]} 31. Kh1 {[%clk 0:42:29]} Qxc4 {[%clk 0:54:49]} 32. Be3
{[%clk 0:42:29]} Qc3 {[%clk 0:54:19]} 33. Qd1 {[%clk 0:41:58]} Qd3 {[%clk
0:48:50]} 34. Qa1 {[%clk 0:41:58]} Qf5 {[%clk 0:47:19]} 35. Qd1 {[%clk 0:38:30]}
Rb2 {[%clk 0:45:48]} 36. Qd4 {[%clk 0:37:00]} Rb1+ {[%clk 0:45:48]} 37. Kh2
{[%clk 0:37:00]} Qe5+ {[%clk 0:42:18]} 38. Qxe5 {[%clk 0:37:00]} dxe5 {[%clk
0:42:18]} 39. Bxc5 {[%clk 0:37:00]} bxc5 {[%clk 0:42:18]} 40. a4 {[%clk 0:37:00]}
Ra1 {[%clk 0:42:18]} 41. a5 {[%clk 0:37:00]} Rxa5 {[%clk 0:42:18]} 42. b6 {[%clk
0:37:00]} axb6 {[%clk 0:42:18]} 43. f4 {[%clk 0:33:30]} exf4 {[%clk 0:42:18]} 44.
h4 {[%clk 0:33:30]} c4 {[%clk 0:42:18]} 45. h5 {[%clk 0:33:30]} gxh5 {[%clk
0:42:18]} 46. g4 {[%clk 0:33:30]} Ra2+ {[%clk 0:42:18]} 47. Kg1 {[%clk 0:33:30]}
c3 {[%clk 0:42:18]} 48. Kf1 {[%clk 0:30:00]} c2 {[%clk 0:42:18]} 49. Ke1 {[%clk
0:28:30]} c1Q# {[%clk 0:42:18]} 0-1

[Event "Campeonato España Sub 10"]
[Site "Salobreña"]
[Date "2017.07.05"]
[Round "5"]
[White "Diaz Perez, Diego"]
[Black "Del Prado Rodriguez, Xulio"]
[Result "0-1"]
[Board "12"]
[WhiteClock "-:--:--"]
[WhiteElo "1275"]
[WhiteCountry "ESP"]
[WhiteFideId "24587958"]
[WhiteEloChange "-5"]
[BlackClock "-:--:--"]
[BlackElo "1444"]
[BlackCountry "ESP"]
[BlackFideId "24544418"]
[BlackEloChange "5"]

1. e4 {[%clk 1:30:00]} c5 {[%clk 1:30:00]} 2. d4 {[%clk 1:31:00]} cxd4 {[%clk
1:31:00]} 3. c3 {[%clk 1:31:00]} dxc3 {[%clk 1:31:00]} 4. Nxc3 {[%clk 1:31:00]}
e6 {[%clk 1:31:00]} 5. Bc4 {[%clk 1:31:00]} a6 {[%clk 1:32:00]} 6. a4 {[%clk
1:31:00]} Nc6 {[%clk 1:32:00]} 7. Nf3 {[%clk 1:31:00]} Nge7 {[%clk 1:32:00]} 8.
Bf4 {[%clk 1:29:00]} Ng6 {[%clk 1:33:00]} 9. Bg5 {[%clk 1:29:19]} f6 {[%clk
1:29:00]} 10. Be3 {[%clk 1:28:49]} Be7 {[%clk 1:29:00]} 11. O-O {[%clk 1:28:49]}
O-O {[%clk 1:30:00]} 12. Qe2 {[%clk 1:27:19]} b6 {[%clk 1:29:00]} 13. Rfd1 {[%clk
1:28:00]} Qc7 {[%clk 1:28:00]} 14. Rac1 {[%clk 1:27:30]} Bb7 {[%clk 1:27:00]} 15.
Nd4 {[%clk 1:07:00]} Rfd8 {[%clk 1:11:00]} 16. g3 {[%clk 0:54:00]} Bc5 {[%clk
1:06:00]} 17. f4 {[%clk 0:44:00]} Kh8 {[%clk 1:04:00]} 18. f5 {[%clk 0:33:00]}
Nxd4 {[%clk 0:48:00]} 19. Bxd4 {[%clk 0:33:00]} Bxd4+ {[%clk 0:48:00]} 20. Rxd4
{[%clk 0:31:00]} exf5 {[%clk 0:47:00]} 21. exf5 {[%clk 0:32:00]} Qc5 {[%clk
0:46:00]} 22. Qf2 {[%clk 0:32:00]} Ne5 {[%clk 0:45:00]} 23. Ne4 {[%clk 0:29:00]}
Nf3+ {[%clk 0:43:00]} 24. Kf1 {[%clk 0:20:00]} Qxd4 {[%clk 0:42:00]} 25. Qxd4
{[%clk 0:20:00]} Nxd4 {[%clk 0:42:00]} 26. Nd6 {[%clk 0:21:00]} Rdb8 {[%clk
0:40:30]} 27. Re1 {[%clk 0:18:57]} h6 {7[%clk 0:41:00]} 28. Re7 {[%clk 0:18:18]}
Nf3 {8[%clk 0:40:00]} 29. Rxd7 {[%clk 0:15:24]} Nd2+ {2[%clk 0:39:00]} 30. Kf2
{[%clk 0:15:21]} Nxc4 {][%clk 0:39:00]} 31. Nxc4 {[%clk 0:15:28]} Be4 {8[%clk
0:36:00]} 32. Nd6 {[%clk 0:14:35]} Bc6 {3[%clk 0:35:00]} 33. Rc7 {[%clk 0:12:31]}
Bxa4 {1[%clk 0:35:00]} 34. Nc4 {[%clk 0:10:25]} Rc8 {5[%clk 0:34:00]} 35. Rxc8+
{[%clk 0:09:34]} Rxc8 {4[%clk 0:34:00]} 36. Nxb6 {[%clk 0:09:49]} Rc2+ {9[%clk
0:35:00]} 37. Ke3 {[%clk 0:10:03]} Bc6 {3[%clk 0:35:00]} 38. Nc8 {[%clk 0:09:09]}
Bb5 {][%clk 0:35:00]} 39. Ne7 {[%clk 0:08:43]} Re2+ {3[%clk 0:35:00]} 40. Kd4
{[%clk 0:08:47]} Rxe7 {4[%clk 0:36:00]} 41. b4 {[%clk 0:08:38]} Re5 {8[%clk
0:36:00]} 42. g4 {[%clk 0:08:12]} Be2 {2[%clk 0:36:00]} 43. h3 {[%clk 0:08:41]}
Bf1 {][%clk 0:37:00]} 44. h4 {[%clk 0:08:44]} Bh3 {4[%clk 0:37:00]} 45. Kd3
{[%clk 0:08:45]} Bxg4 {4[%clk 0:37:00]} 46. Kc3 {[%clk 0:08:41]} Re4 {1[%clk
0:38:00]} 47. Kb3 {[%clk 0:09:00]} Bd1+ {0[%clk 0:38:00]} 48. Kc3 {[%clk
0:09:26]} Kg8 {6[%clk 0:38:00]} 49. h5 {[%clk 0:09:15]} Kf8 {5[%clk 0:39:00]} 50.
Kd2 {[%clk 0:09:25]} Rxb4 {2[%clk 0:39:00]} 51. Kc3 {[%clk 0:09:15]} a5 {5[%clk
0:39:00]} 52. Kd3 {[%clk 0:09:34]} Ke7 {4[%clk 0:40:00]} 53. Kc3 {[%clk 0:09:47]}
Kd6 {7[%clk 0:40:00]} 54. Kd2 {[%clk 0:10:14]} Rb3 {4[%clk 0:40:00]} 55. Kxd1
{[%clk 0:09:40]} Rb2 {4[%clk 0:41:00]} 56. Kc1 {[%clk 0:09:50]} Rh2 {][%clk
0:41:00]} 57. Kb1 {[%clk 0:09:21]} Kd5 {1[%clk 0:40:19]} 58. Kc1 {[%clk 0:09:32]}
Kc4 {3[%clk 0:40:19]} 59. Kd1 {[%clk 0:09:59]} Kd3 {9[%clk 0:42:00]} 60. Kc1 Rg2
{[%clk 0:42:00]} 61. Kb1 Kc3 {[%clk 0:42:00]} 62. Ka1 Kb3 {[%clk 0:42:00]} 63.
Kb1 Rg1# {[%clk 0:42:00]} 0-1

[Event "Campeonato España Sub 10"]
[Site "Salobreña"]
[Date "2017.07.05"]
[Round "5"]
[White "Aleksanyan Israilyan, Nicolas"]
[Black "Fuertes Cirauqui, Pablo"]
[Result "1/2-1/2"]
[Board "15"]
[WhiteClock "-:--:--"]
[WhiteElo "1257"]
[WhiteCountry "ESP"]
[WhiteFideId "54511291"]
[WhiteEloChange "4"]
[BlackClock "-:--:--"]
[BlackElo "1415"]
[BlackCountry "ESP"]
[BlackFideId "24513598"]
[BlackEloChange "-4"]

1. e4 {[%clk 1:30:00]} e6 {[%clk 1:30:00]} 2. d4 {[%clk 1:30:00]} d5 {[%clk
1:31:00]} 3. Nd2 {[%clk 1:30:00]} Nf6 {[%clk 1:30:00]} 4. e5 {[%clk 1:30:00]}
Nfd7 {[%clk 1:31:00]} 5. Bd3 {[%clk 1:30:00]} c5 {[%clk 1:31:00]} 6. c3 {[%clk
1:30:00]} Nc6 {[%clk 1:31:00]} 7. Ne2 {[%clk 1:30:00]} Be7 {[%clk 1:30:00]} 8.
O-O {[%clk 1:28:00]} O-O {[%clk 1:29:00]} 9. f4 {[%clk 1:26:00]} f6 {[%clk
1:28:00]} 10. g3 {[%clk 1:23:00]} Qb6 {[%clk 1:24:00]} 11. Nf3 {[%clk 1:23:00]}
cxd4 {[%clk 1:21:00]} 12. cxd4 {[%clk 1:22:29]} fxe5 {[%clk 1:20:00]} 13. fxe5
{[%clk 1:22:29]} Ndxe5 {[%clk 1:17:00]} 14. Nxe5 {[%clk 1:22:29]} Nxe5 {[%clk
1:17:00]} 15. Rxf8+ {[%clk 1:22:00]} Bxf8 {[%clk 1:17:00]} 16. Kg2 {[%clk
1:17:00]} Nxd3 {[%clk 1:12:00]} 17. Qxd3 {[%clk 1:16:00]} Bd6 {[%clk 1:10:00]}
18. Nc3 {[%clk 1:14:00]} Bd7 {[%clk 1:09:00]} 19. b3 {[%clk 1:13:00]} Bc6 {[%clk
1:07:00]} 20. Bd2 {[%clk 1:09:00]} Rf8 {[%clk 1:05:00]} 21. Re1 {[%clk 1:08:00]}
Rf6 {[%clk 0:51:00]} 22. Bg5 {[%clk 1:00:00]} Rg6 {[%clk 0:47:00]} 23. Qe3 {[%clk
0:58:00]} e5 {[%clk 0:46:30]} 24. Rf1 {[%clk 0:55:00]} Qxd4 {[%clk 0:46:00]} 25.
Qf3 {[%clk 0:54:00]} Be8 {[%clk 0:44:00]} 26. Nb5 {[%clk 0:52:00]} Qe4 {[%clk
0:41:00]} 27. Qxe4 {[%clk 0:52:00]} dxe4 {[%clk 0:38:29]} 28. Nxd6 {[%clk
0:51:00]} Rxd6 {[%clk 0:38:29]} 29. Be7 {[%clk 0:51:00]} Rd2+ {[%clk 0:38:29]}
30. Kg1 {[%clk 0:49:28]} Bf7 {[%clk 0:38:29]} 31. Bc5 {[%clk 0:49:28]} b6 {[%clk
0:38:29]} 32. Bb4 {[%clk 0:49:28]} Rxa2 {[%clk 0:40:00]} 33. Rf5 {[%clk 0:49:28]}
h6 {[%clk 0:34:00]} 34. Rxe5 {[%clk 0:45:58]} e3 {[%clk 0:33:00]} 35. Rxe3 {[%clk
0:45:58]} Bd5 {[%clk 0:31:00]} 36. Bc3 {[%clk 0:46:00]} Rg2+ {[%clk 0:31:00]} 37.
Kf1 {[%clk 0:45:00]} Rxh2 {[%clk 0:30:00]} 38. Re7 {[%clk 0:45:00]} Bf7 {[%clk
0:28:30]} 39. Rxa7 {[%clk 0:45:00]} Rh1+ {[%clk 0:28:30]} 40. Kf2 {[%clk
0:43:29]} Rb1 {[%clk 0:28:30]} 41. b4 {[%clk 0:43:29]} Rb3 {[%clk 0:28:30]} 42.
Be1 {[%clk 0:44:00]} b5 {[%clk 0:29:00]} 43. Rb7 {[%clk 0:42:00]} Bc4 {[%clk
0:27:29]} 44. Bd2 {[%clk 0:40:00]} Rb2 {[%clk 0:27:00]} 45. Ke3 {[%clk 0:40:00]}
Rb3+ {[%clk 0:25:00]} 46. Kf2 {[%clk 0:40:00]} Kh7 {[%clk 0:24:00]} 47. Re7
{[%clk 0:37:00]} Kg6 {[%clk 0:23:00]} 48. Re3 {[%clk 0:37:00]} Rb2 {[%clk
0:23:00]} 49. Ke1 {[%clk 0:33:30]} Rb1+ {[%clk 0:23:00]} 50. Kf2 {[%clk 0:33:30]}
Rf1+ {[%clk 0:22:00]} 51. Kg2 {[%clk 0:38:00]} Rd1 {[%clk 0:20:00]} 52. Bc3
{[%clk 0:37:00]} Rd3 {[%clk 0:20:00]} 53. Rxd3 {[%clk 0:38:00]} Bxd3 {[%clk
0:21:00]} 54. Kf3 {[%clk 0:38:00]} h5 {[%clk 0:21:00]} 55. Kf4 {[%clk 0:38:00]}
Kf7 {[%clk 0:20:00]} 56. Kg5 {[%clk 0:37:00]} g6 {[%clk 0:21:00]} 57. Bd4 {[%clk
0:37:00]} Ke6 {[%clk 0:20:00]} 58. Kf4 {[%clk 0:36:00]} Kd5 {[%clk 0:20:00]} 59.
Bc5 {[%clk 0:37:00]} Bf5 {[%clk 0:20:00]} 60. Be7 {[%clk 0:37:00]} Ke6 {[%clk
0:20:00]} 61. Bd8 {[%clk 0:36:00]} Kd5 {[%clk 0:19:54]} 62. Bc7 {4[%clk 0:35:19]}
Kc4 {4[%clk 0:20:00]} 1/2-1/2

[Event "Campeonato España Sub 10"]
[Site "Salobreña"]
[Date "2017.07.05"]
[Round "5"]
[White "Riezu Resano, Javier"]
[Black "Diaz Medina, Angelo"]
[Result "1-0"]
[Board "16"]
[WhiteClock "-:--:--"]
[WhiteElo "1201"]
[WhiteCountry "ESP"]
[WhiteFideId "24543551"]
[WhiteEloChange "15"]
[BlackClock "-:--:--"]
[BlackElo "1378"]
[BlackCountry "ESP"]
[BlackFideId "24562432"]
[BlackEloChange "-15"]

1. d4 {[%clk 1:30:00]} d5 {[%clk 1:30:00]} 2. Nf3 {[%clk 1:31:00]} Nf6 {[%clk
1:31:00]} 3. e3 {[%clk 1:31:00]} c5 {[%clk 1:30:00]} 4. Nbd2 {[%clk 1:31:00]} e6
{[%clk 1:29:00]} 5. c3 {[%clk 1:32:00]} Bd6 {[%clk 1:28:00]} 6. Bd3 {[%clk
1:32:00]} Nc6 {[%clk 1:26:00]} 7. e4 {[%clk 1:31:00]} e5 {[%clk 1:25:00]} 8. exd5
{[%clk 1:27:00]} Nxd5 {[%clk 1:24:30]} 9. dxe5 {[%clk 1:26:00]} Nxe5 {[%clk
1:24:00]} 10. Nxe5 {[%clk 1:22:00]} Bxe5 {[%clk 1:22:31]} 11. O-O {[%clk
1:20:00]} Be6 {[%clk 0:59:00]} 12. Bb5+ {[%clk 1:19:30]} Kf8 {[%clk 0:55:00]} 13.
Nc4 {[%clk 1:08:00]} Bc7 {[%clk 0:44:00]} 14. Ne3 {[%clk 1:07:00]} Qd6 {[%clk
0:41:00]} 15. f4 {[%clk 1:06:00]} Nxf4 {[%clk 0:35:00]} 16. Qxd6+ {[%clk
1:06:00]} Bxd6 {[%clk 0:34:00]} 17. Nc4 {[%clk 1:05:30]} Ne2+ {[%clk 0:33:00]}
18. Kh1 {[%clk 1:05:00]} Bxh2 {[%clk 0:26:00]} 19. Na3 {[%clk 1:04:00]} Ng3+
{[%clk 0:20:00]} 20. Kxh2 {[%clk 1:05:00]} Nxf1+ {[%clk 0:20:00]} 21. Bxf1 {[%clk
1:05:00]} f5 {[%clk 0:19:40]} 22. Bf4 {][%clk 1:05:00]} Rd8 {[%clk 0:18:50]} 23.
Re1 {0[%clk 1:05:00]} Kf7 {[%clk 0:18:30]} 24. Nc4 {3[%clk 1:03:28]} Kf6 {[%clk
0:15:54]} 25. Be5+ {][%clk 1:04:00]} Kf7 {[%clk 0:14:40]} 26. Bf4 {0[%clk
1:05:00]} Kf6 {[%clk 0:13:31]} 27. Be5+ {1[%clk 1:04:00]} Kf7 {[%clk 0:12:39]}
28. Nd6+ {9[%clk 0:57:00]} Kg6 {[%clk 0:07:14]} 29. Bd3 {1[%clk 0:48:00]} Rhf8
{[%clk 0:05:23]} 30. g4 {][%clk 0:47:00]} Kg5 {[%clk 0:01:16]} 31. gxf5 {6[%clk
0:46:00]} Bd7 {[%clk 0:01:04]} 32. Rg1+ {0[%clk 0:44:28]} Kh6 {[%clk 0:00:46]}
33. Bxg7+ {][%clk 0:44:28]} Kh5 {[%clk 0:01:03]} 34. Bxf8 {3[%clk 0:45:00]} Rxf8
{[%clk 0:01:23]} 35. Rg7 {3[%clk 0:44:00]} Bc6 {[%clk 0:00:52]} 36. Be2+ {2[%clk
0:43:00]} Kh6 {[%clk 0:00:33]} 37. Rg3 {3[%clk 0:42:00]} b6 {[%clk 0:00:40]} 38.
Bc4 {][%clk 0:41:00]} b5 {[%clk 0:00:37]} 39. Nf7+ {7[%clk 0:40:00]} Rxf7 {[%clk
0:00:37]} 40. Bxf7 {3[%clk 0:41:00]} c4 {[%clk 0:00:41]} 41. Rg4 {][%clk
0:40:00]} a5 {[%clk 0:00:50]} 42. Kg3 {0[%clk 0:40:00]} b4 {[%clk 0:01:09]} 43.
Kf4 {9[%clk 0:40:00]} Bf3 {[%clk 0:00:54]} 44. Rg3 {4[%clk 0:36:29]} Be2 {[%clk
0:00:49]} 45. f6 {4[%clk 0:36:29]} Bf1 {[%clk 0:00:56]} 46. Rg4 {][%clk 0:36:29]}
Be2 {[%clk 0:01:02]} 47. Rh4+ {2[%clk 0:36:29]} Bh5 {[%clk 0:01:24]} 48. Rxh5#
{[%clk 0:36:29]} 1-0

[Event "Campeonato España Sub 10"]
[Site "Salobreña"]
[Date "2017.07.05"]
[Round "5"]
[White "Otero Campos, Sofia"]
[Black "Plamenova Radkova, Valentina"]
[Result "1-0"]
[Board "18"]
[WhiteClock "-:--:--"]
[WhiteElo "1053"]
[WhiteCountry "ESP"]
[WhiteFideId "24560120"]
[WhiteEloChange "17"]
[BlackClock "-:--:--"]
[BlackElo "1367"]
[BlackCountry "ESP"]
[BlackFideId "24560324"]
[BlackEloChange "-17"]

1. d4 {[%clk 1:30:00]} Nf6 {[%clk 1:30:00]} 2. Nf3 {[%clk 1:30:00]} g6 {[%clk
1:29:00]} 3. Bf4 {[%clk 1:30:00]} Bg7 {[%clk 1:28:00]} 4. e3 {[%clk 1:29:00]} d6
{[%clk 1:27:30]} 5. Be2 {[%clk 1:27:00]} O-O {[%clk 1:27:00]} 6. O-O {[%clk
1:28:00]} Bg4 {[%clk 1:26:30]} 7. Nbd2 {[%clk 1:27:00]} Nbd7 {[%clk 1:26:30]} 8.
c4 {[%clk 1:25:00]} c5 {[%clk 1:26:00]} 9. d5 {[%clk 1:23:00]} Nh5 {[%clk
1:23:00]} 10. Rb1 {[%clk 1:13:00]} Nxf4 {[%clk 1:22:00]} 11. exf4 {[%clk
1:14:00]} Bf5 {[%clk 1:21:00]} 12. h3 {[%clk 1:09:00]} Bxb1 {[%clk 1:18:00]} 13.
Qxb1 {[%clk 1:09:00]} Nf6 {[%clk 1:17:00]} 14. f5 {[%clk 1:07:00]} Re8 {[%clk
1:16:00]} 15. fxg6 {[%clk 1:06:00]} hxg6 {[%clk 1:15:00]} 16. Nh2 {[%clk
1:05:00]} e6 {[%clk 1:13:00]} 17. dxe6 {[%clk 0:59:00]} Rxe6 {[%clk 1:13:00]} 18.
Bd3 {[%clk 0:58:30]} Qe7 {[%clk 1:12:30]} 19. f4 {[%clk 0:51:00]} Re8 {[%clk
1:12:00]} 20. Nhf3 {[%clk 0:45:00]} Bh6 {[%clk 1:10:00]} 21. f5 {[%clk 0:36:00]}
Re3 {[%clk 1:09:00]} 22. fxg6 {[%clk 0:35:00]} Rxd3 {[%clk 1:07:00]} 23. gxf7+
{[%clk 0:34:29]} Qxf7 {[%clk 1:07:00]} 24. Qxd3 {[%clk 0:33:59]} Nh5 {[%clk
1:05:00]} 25. Qxd6 {[%clk 0:31:00]} Be3+ {[%clk 1:05:00]} 26. Kh1 {[%clk
0:30:30]} Qg7 {[%clk 1:04:30]} 27. Qd5+ {[%clk 0:32:00]} Qf7 {[%clk 1:03:00]} 28.
Qxf7+ {[%clk 0:32:00]} Kxf7 {[%clk 1:06:00]} 29. Re1 {[%clk 0:27:00]} Kf6 {[%clk
1:04:00]} 30. Nf1 {[%clk 0:26:00]} Kf5 {[%clk 1:04:00]} 31. Nxe3+ {[%clk
0:25:00]} Kf4 {[%clk 1:04:00]} 32. Nd5+ {[%clk 0:23:30]} 1-0

[Event "Campeonato España Sub 10"]
[Site "Salobreña"]
[Date "2017.07.05"]
[Round "5"]
[White "Garcia Prada, Guillermo"]
[Black "Rubial Blanco, Heriberto"]
[Result "1-0"]
[Board "19"]
[WhiteClock "-:--:--"]
[WhiteElo "1401"]
[WhiteCountry "ESP"]
[WhiteFideId "24547131"]
[WhiteEloChange "5"]
[BlackClock "-:--:--"]
[BlackElo "1201"]
[BlackCountry "ESP"]
[BlackFideId "24558818"]
[BlackEloChange "-5"]

1. e4 {[%clk 1:30:00]} e5 {[%clk 1:30:00]} 2. Nf3 {[%clk 1:31:00]} Nc6 {[%clk
1:29:00]} 3. d4 {[%clk 1:31:00]} exd4 {[%clk 1:27:00]} 4. c3 {[%clk 1:31:00]} d5
{[%clk 1:24:00]} 5. exd5 {[%clk 1:32:00]} Qxd5 {[%clk 1:22:00]} 6. cxd4 {[%clk
1:32:00]} Bg4 {[%clk 1:17:00]} 7. Nc3 {[%clk 1:31:00]} Qd7 {[%clk 1:15:00]} 8.
Be3 {[%clk 1:16:00]} Bb4 {[%clk 0:52:00]} 9. Be2 {[%clk 1:13:00]} Nf6 {[%clk
0:51:00]} 10. O-O {[%clk 1:11:00]} Bxc3 {[%clk 0:48:00]} 11. bxc3 {[%clk
1:12:00]} O-O {[%clk 0:47:00]} 12. Rb1 {[%clk 1:11:00]} b6 {[%clk 0:44:00]} 13.
Re1 {[%clk 1:04:00]} Rad8 {[%clk 0:43:00]} 14. Bg5 {[%clk 1:01:00]} Qd6 {[%clk
0:40:00]} 15. Bxf6 {[%clk 0:58:00]} Qxf6 {[%clk 0:40:00]} 16. Qa4 {[%clk
0:49:00]} Bf5 {[%clk 0:34:00]} 17. Rb5 {[%clk 0:49:00]} Bd7 {[%clk 0:34:00]} 18.
Rg5 {[%clk 0:49:00]} Rfe8 {[%clk 0:34:00]} 19. Qc2 {[%clk 0:49:00]} Re7 {[%clk
0:34:00]} 20. Rb1 {[%clk 0:49:00]} h6 {[%clk 0:34:00]} 21. Rg3 {[%clk 0:49:00]}
Bf5 {[%clk 0:34:00]} 22. Bd3 {[%clk 0:49:00]} Bxd3 {[%clk 0:34:00]} 23. Qxd3
{[%clk 0:49:00]} Qe6 {[%clk 0:34:00]} 24. Qc2 {[%clk 0:49:00]} Rde8 {[%clk
0:34:00]} 25. h3 {[%clk 0:49:00]} Qe4 {[%clk 0:34:00]} 26. Qc1 {[%clk 0:49:00]}
Re6 {[%clk 0:34:00]} 27. Rb3 {[%clk 0:49:00]} Rg6 {[%clk 0:34:00]} 28. Rxg6
{[%clk 0:49:00]} fxg6 {[%clk 0:34:00]} 29. Qf1 {[%clk 0:49:00]} Na5 {[%clk
0:33:19]} 30. Ne5 {[%clk 0:49:00]} Kh7 31. Rb2 {[%clk 0:49:00]} Nc6 32. Re2
{[%clk 0:49:00]} Qd5 33. f4 {[%clk 0:49:00]} Na5 34. Qb1 {[%clk 0:49:00]} Nc6 35.
Qxg6+ {[%clk 0:49:00]} Kg8 36. Qxe8+ {[%clk 0:49:00]} Kh7 1-0

[Event "Campeonato España Sub 10"]
[Site "Salobreña"]
[Date "2017.07.06"]
[Round "6"]
[White "Ano Pla, Gerard"]
[Black "Vergara Anton, Diego"]
[Result "1/2-1/2"]
[Board "1"]
[WhiteClock "1:30"]
[WhiteElo "1741"]
[WhiteCountry "ESP"]
[WhiteFideId "24560561"]
[WhiteEloChange "-3"]
[BlackClock "1:30"]
[BlackElo "1628"]
[BlackCountry "ESP"]
[BlackFideId "24524310"]
[BlackEloChange "3"]

1. d4 {[%clk 1:30:00]} d5 {[%clk 1:30:00]} 2. c4 {[%clk 1:30:00]} e6 {[%clk
1:30:00]} 3. Nc3 {[%clk 1:28:00]} Nf6 {[%clk 1:31:00]} 4. Bg5 {[%clk 1:28:00]}
Be7 {[%clk 1:31:00]} 5. e3 {[%clk 1:25:00]} O-O {[%clk 1:30:00]} 6. cxd5 {[%clk
1:22:00]} exd5 {[%clk 1:30:00]} 7. Bd3 {[%clk 1:21:00]} c6 {[%clk 1:26:00]} 8.
Nf3 {[%clk 1:20:00]} Nbd7 {[%clk 1:24:00]} 9. Qc2 {[%clk 1:17:00]} h6 {[%clk
1:23:00]} 10. Bxf6 {[%clk 1:15:00]} Nxf6 {[%clk 1:23:00]} 11. O-O {[%clk
1:16:00]} Re8 {[%clk 1:21:00]} 12. Ne5 {[%clk 1:13:00]} Be6 {[%clk 1:18:00]} 13.
Rab1 {[%clk 1:12:00]} Ng4 {[%clk 1:13:00]} 14. Nxg4 {[%clk 1:11:00]} Bxg4 {[%clk
1:13:00]} 15. b4 {[%clk 1:11:00]} Bd6 {[%clk 1:10:00]} 16. Ne2 {[%clk 1:05:00]}
Rc8 {[%clk 1:08:00]} 17. Bf5 {[%clk 1:02:00]} Bxf5 {[%clk 1:06:00]} 18. Qxf5
{[%clk 0:53:00]} Qe7 {[%clk 0:44:00]} 19. a3 {[%clk 0:53:00]} a5 {[%clk 0:44:00]}
20. Rb3 {[%clk 0:53:00]} Ra8 {[%clk 0:43:00]} 21. Rfb1 {[%clk 0:53:00]} axb4
{[%clk 0:43:00]} 22. axb4 {[%clk 0:53:00]} b5 {[%clk 0:43:00]} 23. Qc2 {[%clk
0:53:00]} Rec8 {[%clk 0:43:00]} 24. Nc1 {[%clk 0:53:00]} Qc7 {[%clk 0:43:00]} 25.
h3 {[%clk 0:53:00]} Qb6 {[%clk 0:43:00]} 26. Nd3 {[%clk 0:53:00]} Rc7 {[%clk
0:43:00]} 27. Rc1 {[%clk 0:53:00]} Qa6 {[%clk 0:43:00]} 28. Rc3 {[%clk 0:53:00]}
Rac8 {[%clk 0:43:00]} 29. Nc5 {[%clk 0:53:00]} Bxc5 {[%clk 0:43:00]} 30. Rxc5
{[%clk 0:53:00]} Qa3 {[%clk 0:43:00]} 31. Rb1 {[%clk 0:53:00]} Qa6 {[%clk
0:43:00]} 32. Rb3 {[%clk 0:53:00]} Qa1+ {[%clk 0:43:00]} 33. Kh2 {[%clk 0:53:00]}
Qa6 {[%clk 0:43:00]} 34. Rbc3 {[%clk 0:53:00]} Qb6 {[%clk 0:43:00]} 35. e4 {[%clk
0:53:00]} dxe4 {[%clk 0:43:00]} 36. d5 {[%clk 0:53:00]} Re7 {[%clk 0:43:00]} 37.
Rxc6 {[%clk 0:53:00]} Rxc6 {[%clk 0:43:00]} 38. Rxc6 {[%clk 0:53:00]} Qd4 {[%clk
0:43:00]} 39. Qc5 {[%clk 0:53:00]} Qe5+ {[%clk 0:43:00]} 40. g3 {[%clk 0:53:00]}
Rd7 {[%clk 0:43:00]} 41. d6 {[%clk 0:53:00]} Qf6 {[%clk 0:43:00]} 42. Qb6 {[%clk
0:53:00]} Kh7 {[%clk 0:43:00]} 43. Qe3 {[%clk 0:53:00]} Rxd6 {[%clk 0:43:00]} 44.
Rxd6 {[%clk 0:53:00]} Qxd6 {[%clk 0:43:00]} 45. Qxe4+ {[%clk 0:53:00]} g6 {[%clk
0:43:00]} 1/2-1/2